=LDR 00000nam 2200000 4500 =001 INLIS000000000010993 =005 20130612102612 =008 ***********************************Ind** =035 ##$$0010-061300000010993 =041 ##$$a Ind =082 ##$$a 664.133 =090 ##$$a 664.133, San-p =100 ##$$a Santoso, Hieronymus Budi =245 ##$$a Pembuatan gula kelapa, Hieronymus Budi Santoso =260 ##$$a 1993 $b Yogyakarta =300 ##$$a 67 hlm. 6 ilus, 19 cm =650 ##$$a Gula Kelapa =650 ##$$a Pembuatan =850 ##$$a NBPNMAT